| 000 | 00000nam 2200000za 4500 |
| 001 | 9.699633 |
| 003 | CaOODSP |
| 005 | 20230310074422 |
| 007 | cr ||||||||||| |
| 008 | 150407|1968||||xxc|||||o f|0| 0 eng d |
| 040 | |aCaOODSP|beng |
| 043 | |an-cn--- |
| 086 | 1 |aA53-1369/1968E-PDF |
| 110 | 1 |aCanada.|bAgriculture Canada.|bResearch Branch. |
| 245 | 10|aRhubarb planting & growing / |h[electronic resource]|c[by] Lloyd H. Lyall. |
| 260 | |aOttawa - Ontario : |bAgriculture Canada. |c1968. |
| 300 | |a6p. |
| 500 | |aHistorical publication digitized by Agriculture and Agri-Food Canada. |
| 590 | |a15-01-Supp|b2015-01-26 |
| 690 | 07|aGardens|2gcpds |
| 690 | 07|aVegetable crops|2gcpds |
| 690 | 07|aGardening|2gcpds |
| 775 | 08|tCulture de la rhubarbe / |w(CaOODSP)9.643610 |
| 794 | |tRhubarb culture / |w(CaOODSP)9.699495 |
| 856 | 40|ahttp://publications.gc.ca|qPDF|s263 KB|uhttps://publications.gc.ca/collections/collection_2014/aac-aafc/agrhist/A53-1369-1968-eng.pdf |
| 986 | |a1369 |